Working with experience (Record no. 71461)
[ view plain ]
| 000 -LEADER | |
|---|---|
| fixed length control field | 01320nam a2200361Ia 4500 |
| 082 04 - DEWEY DECIMAL CLASSIFICATION NUMBER | |
| Classification number | 370.1523 |
| 245 00 - TITLE STATEMENT | |
| Title | Working with experience |
| 260 ## - PUBLICATION, DISTRIBUTION, ETC. (IMPRINT) | |
| Place of publication | London ; |
| -- | New York : |
| Name of publisher | Routledge, |
| Year of publication | 1996. |
| 300 ## - PHYSICAL DESCRIPTION | |
| Number of Pages | x, 217 p. : |
| Other physical details | ill. |
| 650 #0 - SUBJECT ADDED ENTRY--TOPICAL TERM | |
| Topical Term | Active learning. |
| Topical Term | Experiential learning. |
| Topical Term | Learning, Psychology of. |
| Topical Term | Adult learning. |
| 700 1# - ADDED ENTRY--PERSONAL NAME | |
| Personal name | Boud, David. |
| Personal name | Miller, Nod. |
| 856 40 - ELECTRONIC LOCATION AND ACCESS | |
| Uniform Resource Identifier | http://site.ebrary.com/lib/rucke/Doc?id=10057225 |
No items available.
